Az Alaptörvény hatása a jogforrási rendszerre és a jogalkotásra

The system of the sources of law and lawmaking ensures a wide spectrum of legal research; the study concentrates on just one article of the Fundamental Law. This article – number „T.” – defines the statutes and enumerates their forms. This is an absolutely strange solution in a constitution: there i...

Teljes leírás

Elmentve itt :
Bibliográfiai részletek
Szerző: Erdős Csaba
Testületi szerző: Az új Alaptörvény és a jogélet reformja (2011) (Szeged)
Dokumentumtípus: Könyv része
Megjelent: 2013
Sorozat:Szegedi Jogász Doktorandusz Konferenciák 2
Az új alaptörvény és a jogélet reformja 2
Kulcsszavak:Alkotmányjog - magyar
Tárgyszavak:
Online Access:http://acta.bibl.u-szeged.hu/71299
LEADER 01921naa a2200265 i 4500
001 acta71299
005 20231205112525.0
008 210114s2013 hu o 1|| hun d
020 |a 978-963-306-142-8 
022 |a 2063-3807 
040 |a SZTE Egyetemi Kiadványok Repozitórium  |b hun 
041 |a hun 
041 |a eng 
100 1 |a Erdős Csaba 
245 1 3 |a Az Alaptörvény hatása a jogforrási rendszerre és a jogalkotásra  |h [elektronikus dokumentum] /  |c  Erdős Csaba 
260 |c 2013 
300 |a 93-104 
490 0 |a Szegedi Jogász Doktorandusz Konferenciák  |v 2 
490 0 |a Az új alaptörvény és a jogélet reformja  |v 2 
520 3 |a The system of the sources of law and lawmaking ensures a wide spectrum of legal research; the study concentrates on just one article of the Fundamental Law. This article – number „T.” – defines the statutes and enumerates their forms. This is an absolutely strange solution in a constitution: there is no other constitution in the European Union that defines statutes. The study points out that the grammatical interpretation of Article T. collides other articles of the Fundamental Law that deal with the status of the Fundamental Law, with the relation between the national and international law and between Hungary’s and the European Union’s law. The enumeration of the forms of statues seems to be exhaustive, but there are several other forms that are not contained in the list of Article T. Besides this, the elements of the statute-definition are also analyzed and a suggestion on the right composition of Article T can be read at the end of the study, too. 
650 4 |a Társadalomtudományok 
650 4 |a Jogtudomány 
695 |a Alkotmányjog - magyar 
710 |a Az új Alaptörvény és a jogélet reformja (2011) (Szeged) 
856 4 0 |u http://acta.bibl.u-szeged.hu/71299/1/szegedi_jogasz_doktorandusz_konf_002_093-104.pdf  |z Dokumentum-elérés